|
|
|
|
| LEADER |
00000naa2a2200000 4500 |
| 001 |
229310 |
| 005 |
20231031202330.0 |
| 035 |
|
|
|a (RuTPU)RU\TPU\book\249911
|
| 090 |
|
|
|a 229310
|
| 100 |
|
|
|a 20130110d2003 k y0rusy50 ca
|
| 101 |
0 |
|
|a rus
|
| 102 |
|
|
|a RU
|
| 200 |
1 |
|
|a Исследование технологических способов регулирования микроструктуры таблеток урана
|f Д. В. Индык, С. С. Поздняков
|g науч. рук. А. Ю. Водянкин ; науч. рук. Р. З. Рахматуллин
|
| 320 |
|
|
|a Библиогр.: 2 назв.
|
| 463 |
|
0 |
|0 (RuTPU)RU\TPU\book\84423
|t Химия и химическая технология в XXI веке
|o тезисы IV Всероссийской студенческой научно-практической конференции, 13-14 мая 2003, Томск
|f ТПУ
|v С. 20
|d 2003
|p 148 с.
|
| 610 |
1 |
|
|a уран
|
| 610 |
1 |
|
|a таблетки
|
| 610 |
1 |
|
|a микроструктура
|
| 610 |
1 |
|
|a регулирование
|
| 610 |
1 |
|
|a технологии
|
| 610 |
1 |
|
|a исследование
|
| 610 |
1 |
|
|a труды учёных ТПУ
|
| 700 |
|
1 |
|a Индык
|b Д. В.
|c химик-технолог
|c аспирант Томского политехнического университета
|f 1984-
|g Денис Викторович
|2 stltpush
|3 (RuTPU)RU\TPU\pers\30183
|
| 701 |
|
1 |
|a Поздняков
|b С. С.
|
| 702 |
|
1 |
|a Водянкин
|b А. Ю.
|4 727
|
| 702 |
|
1 |
|a Рахматуллин
|b Р. З.
|4 727
|
| 801 |
|
1 |
|a RU
|b 63413507
|c 20130110
|
| 942 |
|
|
|c BK
|